Azərbaycanın ayrı-ayrı şəhərləri - Statistics

General Stats
  • This quiz has been taken 48 times
  • The average score is 7 of 12
Answer Stats
Şəhər % Correct
Bakı
100%
Gəncə
83%
Sumqayıt
79%
Şuşa
72%
Mingəçevir
59%
Naxçivan
59%
Lənkəran
55%
Şəki
48%
Yevlax
41%
Xankəndi
38%
Şirvan
34%
Naftalan
14%
No matching quizzes found
Score Distribution
Percent of People with Each Score
Percentile by Number Answered
Your Score History
You have not taken this quiz